000 00561nam a2200217Ia 4500
003 OSt
005 20220918105427.0
006 a|||||r|||| 00| 0
007 ta
008 220915b |||||||| |||| 00| 0 san d
024 _a93,281
037 _cReference Collections
040 _aARTS
_cARTS
_bsan
041 _2san
_asan
082 _aQ1:24k, 15K3
100 _aJacob G. A. Au.
_91344
245 0 _aUpnishad vakaya kosha
260 _c1963
942 _hQ1:24k, 15K3
_cREF
999 _c107079
_d107079